000 00382nam a2200145Ia 4500
008 230711s9999||||xx |||||||||||||| ||und||
041 _aENG
082 _a4
_bRO-A
100 _aRoden,Martin S
245 0 _aAnalog and digital communication system
250 _a3rd Ed.
260 _c2001
_aNew Delhi
_bPHI Learning Private Limited
650 _aElectronics Engineering
942 _cBK
999 _c4305
_d4305